Diseño de un sistema de aire acondicionado para un cuarto limpio de una nave de industria farmacéutica
Gespeichert in:
| 1. Verfasser: | |
|---|---|
| Weitere Verfasser: | |
| Format: | Buch |
| Sprache: | Spanish |
| Veröffentlicht: |
[San José, Costa Rica]
2022
|
| Schlagworte: | |
| Tags: |
Tag hinzufügen
Keine Tags, Fügen Sie den ersten Tag hinzu!
|
MARC
| LEADER | 00000nam a2200000Ia 4500 | ||
|---|---|---|---|
| 003 | 013642 | ||
| 005 | 20230425120314.0 | ||
| 008 | 140114s2022 cr a 000 ||spa d | ||
| 040 | |c cru CEDI | ||
| 100 | |a González Cruz, Daniela |9 420 | ||
| 245 | |a Diseño de un sistema de aire acondicionado para un cuarto limpio de una nave de industria farmacéutica | ||
| 260 | |a [San José, Costa Rica] |c 2022 | ||
| 500 | |a Trabajo de Graduación. (licenciatura en ingeniería mecánica)-- Universidad de Costa Rica. Facultad de Ingeniería. Escuela de Ingeniería Mecánica | ||
| 501 | |a Director de Trabajo Final de Graduación: Ing. Sergio Ferreto Brenes, MSc | ||
| 650 | |x CUARTO DE ASEO |x AIRE ACONDIONADO |x CONSUMO DE ENERGIA - NORMAS |x AIRE ACON DICIONADO DISEÑO | ||
| 700 | |9 206 |a Ferreto Brenes, Sergio Ademar, 1976- |d Director del TFG | ||
| 942 | |c CEDI |h TFG 8793 |6 TFG_8793_000000000000000 | ||
| 999 | |c 15219 |d 15219 | ||
